Which Sitcom Are They From II Quiz Stats

 Plays Quiz Updated Mar 7, 2018

Challenge
Share
Tweet
Embed
Score 0/20 Timer 05:00
0 Plays Today
Question Answer Wrong Answers
Michelle Tanner Full House
89.7%
One Day at a Time
3.5%
The Simpsons
1%
Bojack Horseman
2.9%
Elly May Clampett The Beverly Hillbillies
85.7%
Arrested Development
5.2%
Friends
1.1%
Roseanne
4.4%
Becky Conner Roseanne
82.2%
Arrested Development
5.2%
The Big Bang Theory
3.2%
Will and Grace
5.8%
Elliot Reid Scrubs
81.8%
Full House
2.5%
30 Rock
8.1%
Laverne and Shirley
3.9%
Andy Dwyer Parks and Recreation
80.9%
South Park
3%
Modern Family
10.5%
Frasier
2.3%
Daphne Moon Frasier
78.8%
Unbreakable Kimmy Schmidt
8.4%
South Park
3.3%
The Big Bang Theory
6%
Lou Grant The Mary Tyler Moore Show
75.9%
The Simpsons
4.7%
Curb Your Enthusiasm
9.2%
Two and a Half Men
6.5%
Margaret Houlihan M*A*S*H
71.2%
The Dick Van Dyke Show
11.2%
Will and Grace
6.5%
All in the Family
7.3%
Angela Martin The Office (US)
70.2%
That '70s Show
8.5%
New Girl
12.3%
Scrubs
5.3%
Ralph Malph Happy Days
69.7%
Portlandia
12.9%
The Cosby Show
5.5%
All in the Family
8%
Jonah Ryan Veep
68.8%
Seinfeld
4%
Cheers
6.5%
Mad About You
16.3%
Kenneth Parcell 30 Rock
66.2%
Modern Family
11.7%
Will and Grace
10.1%
Married... With Children
7.8%
Jacqueline Voorhes Unbreakable Kimmy Schmidt
66%
Malcolm in the Middle
11.6%
Everyone Loves Raymond
7.7%
Laverne and Shirley
10.4%
Marty Funkhouser Curb Your Enthusiasm
64.7%
The Beverly Hillbillies
7.1%
Frasier
8.8%
Veep
15%
Barney Gumble The Simpsons
61.9%
Portlandia
5.5%
How I Met Your Mother
21%
Bob's Burgers
8.3%
Jerry Gergich Parks and Recreation
58.5%
Friends
11.6%
Seinfeld
11.9%
Malcolm in the Middle
14.3%
Zoey Johnson Black-ish
57.5%
Futurama
12.4%
Bojack Horseman
16.9%
Full House
8.9%
Susan Ross Seinfeld
56%
30 Rock
13.7%
Portlandia
19.5%
I Love Lucy
6.7%
Joe Swanson Family Guy
55.2%
American Dad
31.7%
The Simpsons
2.6%
Black-ish
7%
Barry Farber Friends
36.9%
How I Met Your Mother
21.1%
Parks and Recreation
11.5%
Bob's Burgers
26.7%

You're not logged in!

Compare scores with friends on all Sporcle quizzes.
OR
Log In

You Might Also Like...

Show Comments

Extras

Top Quizzes Today


Score Distribution

Your Account Isn't Verified!

In order to create a playlist on Sporcle, you need to verify the email address you used during registration. Go to your Sporcle Settings to finish the process.

Report this User

Report this user for behavior that violates our Community Guidelines.

Details: